000 00361nam a2200133Ia 4500
008 231129s1991||||xx |||||||||||||| ||spa||
020 _a84-7999-013-9
040 _bspa
082 _a398.9 M516
245 0 _aLos mejores refranes españoles
260 _c1991
264 _aMadrid España: A.L. Mateos
942 _2ddc
_cBKS
999 _c19831
_d19831